Normal view MARC view

Entry Topical Term

Number of records used in: 1

001 - CONTROL NUMBER

  • control field: 64392

003 - CONTROL NUMBER IDENTIFIER

  • control field: dpl

005 - DATE AND TIME OF LATEST TRANSACTION

  • control field: 20240408151429.0

008 - FIXED-LENGTH DATA ELEMENTS

  • fixed length control field: 240408|| aca||aabn | a|a d

040 ## - CATALOGING SOURCE

  • Original cataloging agency: dpl
  • Transcribing agency: dpl

150 ## - HEADING--TOPICAL TERM

  • Topical term or geographic name as entry element: हिन्दी कविता

670 ## - SOURCE DATA FOUND

  • Source citation: Work cat.: (dpl)201971: गांधी,महात्मा 64391, गीतापदार्थकोष श्रीमद् भगवद्गीता में आए सब शब्दों के अर्थ एवं स्थल निर्देश /, 2010

© Delhi Public Library
Hit Counter
free hit counter